| 000 | 00406nam a2200145Ia 4500 | ||
|---|---|---|---|
| 005 | 20251222152031.0 | ||
| 008 | 251222s9999||||xx |||||||||||||| ||spa|| | ||
| 020 | _a9788490484463 | ||
| 082 | _a634/S18 | ||
| 100 | _aSalazar Hernández, Domingo | ||
| 245 | 0 | _aLa Producción Integrada en Materiales Leñosos: | |
| 250 | _a1ra.ed. | ||
| 264 | _bEditorial Universitat Politecnica de Valencia | ||
| 942 | _cLIB | ||
| 999 |
_c25665 _d25665 |
||